00344pab a2200133 454500008004000000100001800040245004900058260000900107300001500116362001100131650002100142650001300163773003400176180718b2002 xxu||||| |||| 00| 0 eng d aSreeraman, S. aReinventing Indian railways: derailed agenda c2002 ap.1013-016 a16 Mar aRailways - India aRailways aEconomic and Political Weekly